2025-2026 Carolina Panthers Roster - Statistics

General Stats
  • This quiz has been taken 39 times
  • The average score is 25 of 51
Answer Stats
Position Name % Correct
Quarterback Bryce Young
100%
Running Back Chuba Hubbard
100%
Running Back Rico Dowdle
100%
Quarterback Andy Dalton
92%
Wide Receiver Tetairoa McMillan
92%
Cornerback Jaycee Horn
86%
Wide Receiver Jimmy Horn Jr.
83%
Wide Receiver Jalen Coker
81%
Defensive Lineman Derrick Brown
78%
Wide Receiver Xavier Legette
78%
Defensive Lineman Bobby Brown III
75%
Cornerback Mike Jackson
75%
Tight End Tommy Tremble
72%
Running Back Trevor Etienne
72%
Tight End Ja’Tavion Sanders
69%
Defensive Lineman Cam Jackson
64%
Offensive Lineman Ikem Ekwonu
61%
Offensive Lineman Cade Mays
58%
Running Back Jonathon Brooks
58%
Placekicker Ryan Fitzgerald
58%
Safety Lathan Ransom
56%
Tight End Mitchell Evans
53%
Offensive Lineman Robert Hunt
50%
Safety Tre’von Moehrig
50%
Cornerback Chau Smith-Wade
47%
Wide Receiver David Moore
47%
Safety Nick Scott
47%
Long Snapper J.J. Jansen
44%
Punter Sam Martin
44%
Offensive Lineman Taylor Moton
44%
Linebacker Bam Martin-Scott
42%
Linebacker Trevin Wallace
42%
Offensive Lineman Damien Lewis
36%
Defensive Lineman Tershawn Wharton
36%
Offensive Lineman Austin Corbett
33%
Wide Receiver Brycen Tremayne
33%
Offensive Lineman Brady Christensen
31%
Tight End James Mitchell
25%
Offensive Lineman Yosh Nijman
25%
Linebacker Princely Umanmielen
19%
Offensive Lineman Chandler Zavala
17%
Linebacker Claudin Cherelus
17%
Safety Isaiah Simmons
17%
Cornerback Corey Thornton
14%
Linebacker Patrick Jones II
14%
Linebacker D.J. Wonnum
11%
Linebacker Trevis Gipson
11%
Offensive Lineman Jake Curhan
8%
Linebacker Krys Barnes
8%
Offensive Lineman Nick Samac
6%
Linebacker Maema Njongmeta
0%
No matching quizzes found
Score Distribution
Percent of People with Each Score
Percentile by Number Answered
Your Score History
You have not taken this quiz